[Event "GER-ch U25"]
[Site "Oberhof"]
[Date "2010.05.25"]
[Round "4"]
[White "Senf, Paul"]
[Black "Kirn, Philipp Sebastian"]
[Result "0-1"]
[WhiteElo "1593"]
[BlackElo "1099"]
[PlyCount "132"]
[EventDate "2010.05.22"]
[EventType "swiss"]
[EventRounds "9"]
[EventCountry "GER"]
[SourceTitle "CBM 136 Extra"]
[Source "ChessBase"]
[SourceDate "2010.07.02"]
[SourceVersion "2"]
[SourceVersionDate "2010.07.15"]
[SourceQuality "1"]

1. e4 d5 2. exd5 Nf6 3. d4 Nxd5 4. c4 Nf6 5. Nc3 Bf5 6. Nf3 e6 7. Bf4 Bb4 8. Bd3 Ne4 9. Bxe4 Bxe4 10. a3 Bxc3+ 11. bxc3 c6 12. 0-0 Qf6 13. Bd6 Nd7 14. Re1 Bxf3 15. Qxf3 Qxf3 16. gxf3 0-0-0 17. c5 Nf6 18. a4 Nd5 19. c4 Nb4 20. Re2 b6 21. a5 bxc5 22. Bxc5 Nd3 23. Bxa7 Kb7 24. Bb6 Ra8 25. Rb1 Kc8 26. Re4 Kd7 27. Re3 Nf4 28. Ra3 Rhb8 29. Rba1 Nd3 30. Rb3 Ra6 31. Kg2 Nf4+ 32. Kf1 Nd3 33. Ke2 Rxa5 34. Rxa5 Nc1+ 35. Kd1 Nxb3 36. Ra7+ Ke8 37. Bc7 Rc8 38. Bd6 Rd8 39. c5 Nxd4 40. Re7+ Kf8 41. Rxe6+ Kg8 42. Re3 Nf5 43. Rd3 f6 44. f4 Kf7 45. Kc2 Nxd6 46. cxd6 Ke6 47. Rh3 Rxd6 48. Rxh7 Kf7 49. f5 Rd4 50. Rh3 Rf4 51. f3 Rxf5 52. Kc3 Ke6 53. Kc4 c5 54. Rg3 g5 55. Kc3 Kd5 56. Kd3 Rf4 57. Kc3 Rd4 58. Rg2 c4 59. Rf2 Rd3+ 60. Kb2 Kd4 61. Kc2 c3 62. h3 Ke3 63. Rh2 Rd2+ 64. Rxd2 cxd2 65. Kd1 Kxf3 66. Kxd2 Kg3 0-1

[Event "GER-ch U25"]
[Site "Oberhof"]
[Date "2010.05.24"]
[Round "3"]
[White "Kirn, Philipp Sebastian"]
[Black "Rosenberger, Andreas"]
[Result "1-0"]
[WhiteElo "1099"]
[BlackElo "1441"]
[PlyCount "79"]
[EventDate "2010.05.22"]
[EventType "swiss"]
[EventRounds "9"]
[EventCountry "GER"]
[SourceTitle "CBM 136 Extra"]
[Source "ChessBase"]
[SourceDate "2010.07.02"]
[SourceVersion "2"]
[SourceVersionDate "2010.07.15"]
[SourceQuality "1"]

1. d4 Nf6 2. c4 g6 3. Nc3 Bg7 4. e4 d6 5. Bf4 0-0 6. Qd2 Nc6 7. d5 Nb8 8. Bh6 Nbd7 9. h4 c5 10. h5 Ne5 11. Bxg7 Kxg7 12. hxg6 fxg6 13. Qh6+ Kf7 14. Be2 Ke8 15. f4 Neg4 16. Bxg4 Nxg4 17. Qxh7 Rxf4 18. Qxg6+ Kd7 19. Nh3 Ne5 20. Qe6+ Kc7 21. Nxf4 Nd3+ 22. Kd2 Nxf4 23. Qh6 e5 24. g3 Nh3 25. Nb5+ Kb6 26. Nxd6 Qg5+ 27. Qxg5 Nxg5 28. Rh6 Ka5 29. a3 Nf3+ 30. Ke3 Nd4 31. b4+ Ka4 32. Ra2 cxb4 33. axb4+ Kb3 34. Rd2 Nc2+ 35. Rxc2 Kxc2 36. Rh8 Kc3 37. Rxc8 Rxc8 38. Nxc8 Kxc4 39. Nxa7 Kxb4 40. d6 1-0

[Event "GER-ch U25"]
[Site "Oberhof"]
[Date "2010.05.23"]
[Round "1"]
[White "Kreyssig, Robert"]
[Black "Kirn, Philipp Sebastian"]
[Result "1-0"]
[WhiteElo "1880"]
[BlackElo "1099"]
[PlyCount "79"]
[EventDate "2010.05.22"]
[EventType "swiss"]
[EventRounds "9"]
[EventCountry "GER"]
[SourceTitle "CBM 136 Extra"]
[Source "ChessBase"]
[SourceDate "2010.07.02"]
[SourceVersion "2"]
[SourceVersionDate "2010.07.15"]
[SourceQuality "1"]

1. f4 d5 2. b3 Nf6 3. Bb2 Bf5 4. Nf3 e6 5. e3 Bd6 6. Be2 Nc6 7. 0-0 Nb4 8. Nd4 Bg6 9. a3 Nc6 10. Bb5 Qd7 11. d3 a6 12. Bxc6 bxc6 13. Nd2 e5 14. Ne2 Ng4 15. Rf3 e4 16. dxe4 dxe4 17. Rg3 f5 18. Nc4 Qe7 19. Qd4 Rg8 20. Na5 Bc5 21. Qc3 Qd6 22. Nd4 Rd8 23. Naxc6 Bxd4 24. exd4 Rd7 25. Ne5 Nxe5 26. fxe5 Qb6 27. Qe3 Rf8 28. Rf1 Rdf7 29. Qf4 Re7 30. c4 c6 31. Kh1 Qd8 32. h4 Rff7 33. Rg5 Rb7 34. b4 Rfd7 35. h5 Bf7 36. Rxf5 Qc7 37. Qxe4 Re7 38. d5 cxd5 39. cxd5 Qd7 40. e6 1-0

[Event "Ulm/Neu Ulm-ch"]
[Site "Ulm/Neu Ulm"]
[Date "2009.09.18"]
[Round "1"]
[White "Schaeufele, Joerg"]
[Black "Kirn, Philipp Sebastian"]
[Result "1-0"]
[WhiteElo "1705"]
[BlackElo "1130"]
[PlyCount "41"]
[EventDate "2009.09.18"]
[EventType "swiss"]
[EventRounds "5"]
[EventCountry "GER"]
[SourceTitle "EXT 2011"]
[Source "ChessBase"]
[SourceDate "2010.11.26"]
[SourceVersion "1"]
[SourceVersionDate "2010.11.26"]
[SourceQuality "1"]

1. e4 e5 2. Nc3 Nf6 3. f4 d6 4. Nf3 Bg4 5. h3 Bxf3 6. Qxf3 Nbd7 7. Bc4 Nc5 8. d3 Be7 9. b4 Ncd7 10. 0-0 0-0 11. Ne2 Nb6 12. Bb3 d5 13. fxe5 dxe4 14. dxe4 Nfd7 15. Qg3 Bh4 16. Qf4 Qe7 17. Bb2 Rae8 18. Qg4 Bg5 19. Rf5 h6 20. Raf1 Qxb4 21. Rxf7 1-0

[Event "Ulm/Neu Ulm-ch"]
[Site "Ulm/Neu Ulm"]
[Date "2008.12.12"]
[Round "7"]
[White "Kirn, Philipp Sebastian"]
[Black "Pletz, Bernd"]
[Result "0-1"]
[WhiteElo "828"]
[BlackElo "1315"]
[PlyCount "69"]
[EventDate "2008.09.19"]
[EventType "swiss"]
[EventRounds "7"]
[EventCountry "GER"]
[SourceTitle "EXT 2011"]
[Source "ChessBase"]
[SourceDate "2010.11.26"]
[SourceVersion "1"]
[SourceVersionDate "2010.11.26"]
[SourceQuality "1"]

1. d4 d5 2. c4 e6 3. Nc3 Nf6 4. a3 Be7 5. Bf4 0-0 6. Nf3 b6 7. Nb5 Na6 8. e3 c6 9. Nc3 Bb7 10. Be2 Nc7 11. b4 dxc4 12. Bxc4 Ncd5 13. Ne2 Nxf4 14. Nxf4 Nd5 15. Bxd5 cxd5 16. Qd3 Rc8 17. 0-0 h6 18. Ne5 Bd6 19. f3 Bxe5 20. dxe5 Qc7 21. Qd4 Qc3 22. Rfe1 Rc4 23. Rac1 Qxd4 24. exd4 Rfc8 25. Ne2 Ba6 26. Red1 Rc2 27. Rxc2 Rxc2 28. Nf4 Ra2 29. Rb1 Rxa3 30. b5 Bc8 31. Rc1 Bd7 32. Rb1 Ra5 33. Nd3 Bxb5 34. Nb4 Bd7 35. h3 0-1